AFL Best 10 players of the last 10 years - Statistics

General Stats
  • This quiz has been taken 1,096 times
  • The average score is 8 of 10
Answer Stats
Team Player % Correct
Richmond (7) Dustin Martin
96%
Geelong/Gold Coast (1) Gary Ablett
95%
Hawthorn/Sydney (2) Lance Franklin
94%
Adelaide/Geelong (8) Patrick Dangerfield
88%
Carlton (4) Chris Judd
83%
Hawthorn/Brisbane (3) Luke Hodge
80%
West Coast (10) Josh Kennedy
68%
Collingwood (5) Dane Swan
67%
Hawthorn/West Coast (6) Sam Mitchell
67%
Richmond (9) Jack Riewoldt
63%
No matching quizzes found
Score Distribution
Percent of People with Each Score
Percentile by Number Answered
Your Score History
You have not taken this quiz